<?xml version="1.0" encoding="UTF-8"?>
<record
    xmlns:xsi="http://www.w3.org/2001/XMLSchema-instance"
    xsi:schemaLocation="http://www.loc.gov/MARC21/slim http://www.loc.gov/standards/marcxml/schema/MARC21slim.xsd"
    xmlns="http://www.loc.gov/MARC21/slim">

  <leader>00688nam a2200229 a 4500</leader>
  <controlfield tag="001">54362</controlfield>
  <controlfield tag="003">BD-RjUL</controlfield>
  <controlfield tag="005">20241222112449.0</controlfield>
  <controlfield tag="008">161106s1979    bg ||||| |||| 00| 0 ben d</controlfield>
  <datafield tag="020" ind1=" " ind2=" ">
    <subfield code="c">: TK 5.0 </subfield>
  </datafield>
  <datafield tag="035" ind1=" " ind2=" ">
    <subfield code="a">(BD-RjUL)54484</subfield>
  </datafield>
  <datafield tag="040" ind1=" " ind2=" ">
    <subfield code="a">BD-RjUL</subfield>
    <subfield code="b">ben</subfield>
    <subfield code="c">BD-RjUL</subfield>
  </datafield>
  <datafield tag="041" ind1=" " ind2=" ">
    <subfield code="a">ben</subfield>
  </datafield>
  <datafield tag="082" ind1=" " ind2=" ">
    <subfield code="2">23</subfield>
    <subfield code="a">901 </subfield>
    <subfield code="b">FAM 1979 </subfield>
  </datafield>
  <datafield tag="100" ind1=" " ind2=" ">
    <subfield code="a">&#x9AB;&#x99C;&#x9B2;, &#x986;&#x9AC;&#x9C1;&#x9B2; </subfield>
    <subfield code="9">162238</subfield>
  </datafield>
  <datafield tag="245" ind1="1" ind2="0">
    <subfield code="a">&#x9AE;&#x9BE;&#x9A8;&#x9AC;&#x9A4;&#x9A8;&#x9CD;&#x9A4;&#x9CD;&#x9B0; /</subfield>
    <subfield code="c">&#x986;&#x9AC;&#x9C1;&#x9B2; &#x9AB;&#x99C;&#x9B2; </subfield>
  </datafield>
  <datafield tag="250" ind1=" " ind2=" ">
    <subfield code="a">&#x9E8;&#x9AF;&#x9BC; &#x9B8;&#x982; . </subfield>
  </datafield>
  <datafield tag="260" ind1=" " ind2=" ">
    <subfield code="a">&#x9A2;&#x9BE;&#x995;&#x9BE; :</subfield>
    <subfield code="b">&#x9AE;&#x9C1;&#x995;&#x9CD;&#x9A4;&#x9A7;&#x9BE;&#x9B0;&#x9BE;, </subfield>
    <subfield code="c">&#x9E7;&#x9EF;&#x9ED;&#x9EF; </subfield>
  </datafield>
  <datafield tag="300" ind1=" " ind2=" ">
    <subfield code="a">&#x9EC;&#x9EC; &#x9AA;&#x9C3;. ; </subfield>
    <subfield code="c">&#x9E8;&#x9E7; &#x9B8;&#x9C7;&#x9AE;&#x9BF;. </subfield>
  </datafield>
  <datafield tag="650" ind1=" " ind2=" ">
    <subfield code="a">History </subfield>
    <subfield code="9">162239</subfield>
    <subfield code="x">Philosophy</subfield>
  </datafield>
  <datafield tag="942" ind1=" " ind2=" ">
    <subfield code="2">ddc</subfield>
    <subfield code="c">BK</subfield>
  </datafield>
  <datafield tag="999" ind1=" " ind2=" ">
    <subfield code="c">54362</subfield>
    <subfield code="d">54362</subfield>
  </datafield>
  <datafield tag="952" ind1=" " ind2=" ">
    <subfield code="0">0</subfield>
    <subfield code="1">0</subfield>
    <subfield code="2">ddc</subfield>
    <subfield code="4">0</subfield>
    <subfield code="7">0</subfield>
    <subfield code="8">NFIC</subfield>
    <subfield code="a">RUCL</subfield>
    <subfield code="b">RUCL</subfield>
    <subfield code="c">Stack</subfield>
    <subfield code="d">1981-06-29</subfield>
    <subfield code="e">Ureka Book Akademi, Rajshahi</subfield>
    <subfield code="g">5.00</subfield>
    <subfield code="l">1</subfield>
    <subfield code="o">B 901  FAM 1979</subfield>
    <subfield code="r">2026-02-05 00:00:00</subfield>
    <subfield code="s">2025-12-09</subfield>
    <subfield code="t">C-2</subfield>
    <subfield code="w">2016-11-06</subfield>
    <subfield code="y">BK</subfield>
  </datafield>
  <datafield tag="952" ind1=" " ind2=" ">
    <subfield code="0">0</subfield>
    <subfield code="1">0</subfield>
    <subfield code="2">ddc</subfield>
    <subfield code="4">0</subfield>
    <subfield code="7">1</subfield>
    <subfield code="8">NFIC</subfield>
    <subfield code="a">RUCL</subfield>
    <subfield code="b">RUCL</subfield>
    <subfield code="c">Reading</subfield>
    <subfield code="d">1981-06-29</subfield>
    <subfield code="e">Ureka Book Akademi, Rajshahi</subfield>
    <subfield code="g">5.00</subfield>
    <subfield code="l">0</subfield>
    <subfield code="o">B 901  FAM 1979</subfield>
    <subfield code="r">2017-05-04 00:00:00</subfield>
    <subfield code="t">C-1</subfield>
    <subfield code="w">2017-05-04</subfield>
    <subfield code="y">BK</subfield>
  </datafield>
</record>
